=LDR 00000nam 2200000 4500 =001 INLIS000000000005503 =005 20130612093741 =008 ***********************************Ind** =035 ##$$0010-061300000005503 =041 ##$$a Ind =082 ##$$a 175.3 =090 ##$$a 175.3, Sar p =100 ##$$a Saragih, F. Nangkir =245 ##$$a Pendidikan seni tari SLTP, F. Nangkir Saragih =260 ##$$a 1994 $b Jakarta =300 ##$$a 62 hlm., ilus, 20 cm =650 ##$$a Tarian - SLTP =700 ##$$a Pohan, Rena